Soccer Robot (Record no. 193392)

MARC details
000 -LEADER
fixed length control field 00643nrm a2200217 ia4500
005 - DATE AND TIME OF LATEST TRANSACTION
control field 20231106120133.0
008 - FIXED-LENGTH DATA ELEMENTS--GENERAL INFORMATION
fixed length control field 231018s2023 ja gleng d
024 ## - OTHER STANDARD IDENTIFIER
Terms of availability RM 590.00
040 ## - CATALOGING SOURCE
Original cataloging agency PPAK
Language of cataloging eng
Transcribing agency PPAK
Description conventions rda
082 04 - DEWEY DECIMAL CLASSIFICATION NUMBER
Classification number 629.893
Edition number 23
090 00 - LOCALLY ASSIGNED LC-TYPE CALL NUMBER (OCLC); LOCAL CALL NUMBER (RLIN)
Classification number (OCLC) (R) ; Classification number, CALL (RLIN) (NR) 629.893
Feature heading SOC
Feature heading RK
245 00 - TITLE STATEMENT
Title Soccer Robot
264 #1 - PRODUCTION, PUBLICATION, DISTRIBUTION, MANUFACTURE, AND COPYRIGHT NOTICE
Place of production, publication, distribution, manufacture Osaka, Japan :
Name of producer, publisher, distributor, manufacturer Artec Co., Ltd.,
Date of production, publication, distribution, manufacture, or copyright notice 2023
300 ## - PHYSICAL DESCRIPTION
Extent 2 robots ( 1 red robot and 1 blue robot)
336 ## - CONTENT TYPE
Content type term object
Source rdacontent
337 ## - MEDIA TYPE
Media type term unmediated
Source rdamedia
338 ## - CARRIER TYPE
Carrier type term volume
Source rdacarrier
500 ## - GENERAL NOTE
General note Play on football canvas (comes separately)
650 10 - SUBJECT ADDED ENTRY--TOPICAL TERM
Topical term or geographic name entry element Robots
942 ## - ADDED ENTRY ELEMENTS (KOHA)
Source of classification or shelving scheme Dewey Decimal Classification
Koha item type Games
Holdings
Withdrawn status Lost status Source of classification or shelving scheme Damaged status Not for loan Current library Shelving location Date acquired Total Checkouts Full call number Barcode Date last seen Cost, replacement price Koha item type
    Dewey Decimal Classification   Not For Loan Perpustakaan Alor Setar Rujukan Kanak-kanak 07/11/2023   RK 629.893 SOC A01798001 07/11/2023 560.50 Games